[Event "Reykjavik op"]
[Site "Reykjavik"]
[Date "2019.04.08"]
[Round "1"]
[White "Green, Per"]
[Black "Hadzikaric, Mirsad"]
[Result "1/2-1/2"]
[WhiteElo "1979"]
[BlackElo "1646"]
[PlyCount "104"]
[EventDate "2019.04.08"]
[EventType "swiss"]
[EventRounds "9"]
[EventCountry "ISL"]
[SourceTitle "CBM 189 Extra"]
[Source "ChessBase"]
[SourceDate "2019.06.03"]
[SourceVersion "1"]
[SourceVersionDate "2019.06.03"]
[SourceQuality "1"]

1. Nf3 b5 2. e4 Ba6 3. d4 Nf6 4. e5 Nd5 5. c3 e6 6. Qb3 b4 7. Bxa6 Nxa6 8. 0-0 bxc3 9. Nxc3 Nxc3 10. Qxc3 Nb4 11. Bg5 Qb8 12. Rfd1 Nd5 13. Qc2 h6 14. Bh4 Be7 15. Bxe7 Kxe7 16. Qc5+ d6 17. Qc2 Qb6 18. b3 a5 19. Qc4 Qb4 20. a3 Qxc4 21. bxc4 Nc3 22. Rd3 Ne2+ 23. Kf1 Nf4 24. Rb3 Rhb8 25. Rab1 Rxb3 26. Rxb3 Kd7 27. g3 a4 28. Rb1 Ng6 29. exd6 Kxd6 30. Nd2 Ne7 31. Ne4+ Kc6 32. Nc3 Nf5 33. d5+ exd5 34. cxd5+ Kc5 35. Rb7 Kc4 36. Rxc7+ Kb3 37. Nb5 Rb8 38. Rc3+ Kb2 39. Rc5 Rb6 40. Ke2 Nd6 41. Nxd6 Rxd6 42. Kd3 Kxa3 43. Rb5 Ka2 44. Ke4 f6 45. Rb7 g6 46. g4 a3 47. h4 Ka1 48. h5 gxh5 49. gxh5 a2 50. Rb5 Ra6 51. f4 Ra4+ 52. Kf5 Rb4 1/2-1/2